000 00440cam a2200157ua 4500
041 _aeng
_h
082 _a828.09
_bKAN/WR
100 _aKane Thomas S , Peters Leonard J .
245 _aWriting prose Techniques And Parpose /
_cPeters Leonard J Kane Thpmas S.
_hTextual Documents
250 _a2 /
_b.
260 _aNewyork :
_bOxford University Press ,
_c1964.
300 _a486 ; .
504 _a
942 _cBK
999 _c2787
_d2787